Java server programming Java E E 5 (J2EE1.5) black book JDBC 4.0, servlets 2.5, JSP, JSTL, JSF, Javamail, EJB 3.0, hibernet, Jboss seam, Java EE connector architecture, Java EE design patterns, SOA, Java web services, struts 2, spring 2.5, JAAS, (Record no. 185066)
[ view plain ]
| 000 -LEADER | |
|---|---|
| fixed length control field | 00835nam a2200157Ia 4500 |
| 005 - DATE AND TIME OF LATEST TRANSACTION | |
| control field | 20250415162317.0 |
| 008 - FIXED-LENGTH DATA ELEMENTS--GENERAL INFORMATION | |
| fixed length control field | 231217s9999 xx 000 0 und d |
| 020 ## - INTERNATIONAL STANDARD BOOK NUMBER | |
| International Standard Book Number | 9788177228359 |
| 082 ## - DEWEY DECIMAL CLASSIFICATION NUMBER | |
| Classification number | 001.6424JAV KOG;1 |
| 100 ## - MAIN ENTRY--PERSONAL NAME | |
| Personal name | Kogent Solutions Inc. |
| 245 #0 - TITLE STATEMENT | |
| Title | Java server programming Java E E 5 (J2EE1.5) black book JDBC 4.0, servlets 2.5, JSP, JSTL, JSF, Javamail, EJB 3.0, hibernet, Jboss seam, Java EE connector architecture, Java EE design patterns, SOA, Java web services, struts 2, spring 2.5, JAAS, |
| 260 ## - PUBLICATION, DISTRIBUTION, ETC. (IMPRINT) | |
| Date of publication, distribution, etc. | NULL |
| Name of publisher, distributor, etc. | Dreamtech Press |
| Place of publication, distribution, etc. | New Delhi |
| 300 ## - PHYSICAL DESCRIPTION | |
| Extent | xxxi, 1712 |
| 650 ## - SUBJECT ADDED ENTRY--TOPICAL TERM | |
| Topical term or geographic name as entry element | Java,server,programming,Java,5,(J2EE1.5),black,JDBC,4.0,,servlets,2.5,,JSP,,JSTL,,JSF,,Javamail,,EJB,3.0,,hibernet,,Jboss,seam,,Java,connector,architecture,,Java,patterns,,SOA,,Java,services,,struts,2,,spring,2.5,,JAAS, |
| 942 ## - ADDED ENTRY ELEMENTS (KOHA) | |
| Koha item type | Books |
| Date last seen | Total Checkouts | Full call number | Accession number | Old discount | Cost, replacement price | Price effective from | Category | Lost status | Damaged status | Department | Withdrawn status | bill no. | bill date | Permanent Location | Current Location | Shelving location | Entry date | Vendor | Cost, normal purchase price | Grants | Currency symbol | Conversion rate | Discount | Discount type |
|---|---|---|---|---|---|---|---|---|---|---|---|---|---|---|---|---|---|---|---|---|---|---|---|---|
| 26/01/2024 | 001.6424JAV KOG;1 | 58441 | 25 | 449.25 | 26/01/2024 | Books | CS | SBH/CRB/000523 | 08/02/2014 | Central Library | Central Library | CS | 26/02/2010 | Sapna Book House | 599.00 | CS | RS | 1 | 149.75 | Rupees |
